<?xml version="1.0" encoding="UTF-8"?>
<collection xmlns="http://www.loc.gov/MARC21/slim">
 <record>
  <leader>01561nam a2200205Ia 4500</leader>
  <controlfield tag="001">CTU_92167</controlfield>
  <controlfield tag="008">210402s9999    xx            000 0 und d</controlfield>
  <datafield tag="020" ind1=" " ind2=" ">
   <subfield code="c">12.20</subfield>
  </datafield>
  <datafield tag="082" ind1=" " ind2=" ">
   <subfield code="a">332.1</subfield>
  </datafield>
  <datafield tag="082" ind1=" " ind2=" ">
   <subfield code="b">B171</subfield>
  </datafield>
  <datafield tag="245" ind1=" " ind2="0">
   <subfield code="a">Balancing the development agenda :</subfield>
  </datafield>
  <datafield tag="245" ind1=" " ind2="4">
   <subfield code="b">The transformation of the World Bank under James D. Wolfensohn, 1995-2005</subfield>
  </datafield>
  <datafield tag="245" ind1=" " ind2="0">
   <subfield code="c">Edited by Ruth Kagia</subfield>
  </datafield>
  <datafield tag="260" ind1=" " ind2=" ">
   <subfield code="a">Washington, D.C</subfield>
  </datafield>
  <datafield tag="260" ind1=" " ind2=" ">
   <subfield code="b">The World Bank</subfield>
  </datafield>
  <datafield tag="260" ind1=" " ind2=" ">
   <subfield code="c">2005</subfield>
  </datafield>
  <datafield tag="520" ind1=" " ind2=" ">
   <subfield code="a">This volume takes an in-depth look at how the World Bank and its mission have evolved and expanded since James D. Wolfensohn took over as president in 1995. The book begins by showing how Wolfensohn broadened the development agenda to incorporate the private sector, the Millennium Development Goals, reconstruction of post-conflict countries, country-owned development strategies, and the promotion of good governance. It then examines the Bank's strategy of forging and harnessing strategic partnerships with other nations on such critical issues as aid effectiveness and debt relief. An examination of the Bank's institutional renewal and internal reform, with a new focus on generating results and modernizing the Bank's information and communications technologies, follows. The book concludes by taking stock of the last ten years of expansion and change under Wolfensohn and looks at new challenges the Bank will face in the 21st century</subfield>
  </datafield>
  <datafield tag="650" ind1=" " ind2=" ">
   <subfield code="a">Economic development,Economic assistance</subfield>
  </datafield>
  <datafield tag="904" ind1=" " ind2=" ">
   <subfield code="i">Tuyến, H.Mai</subfield>
  </datafield>
  <datafield tag="980" ind1=" " ind2=" ">
   <subfield code="a">Trung tâm Học liệu Trường Đại học Cần Thơ</subfield>
  </datafield>
 </record>
</collection>
